|
|
|
|
| LEADER |
01531nam a2200337 a 4500 |
| 001 |
mzk03001035459 |
| 003 |
CZ BrMZK |
| 005 |
20201202151808.0 |
| 007 |
ta |
| 008 |
060228s1802 gw fr|||||00| ||gerod |
| 040 |
|
|
|a BOA001
|b cze
|
| 072 |
|
7 |
|a 094.5
|x Tisky (19. století)
|2 Konspekt
|9 12
|
| 100 |
1 |
|
|a Beck, Christian Daniel,
|d 1757-1832
|7 ola2008459763
|4 aut
|
| 245 |
1 |
0 |
|a Anleitung zur Kenntniß der allgemeinen Welt- und Völker-Geschichte für Studirende.
|n Dritter Theil.,
|p Bis auf das große Reich der Mogolen. /
|c Von Christian Daniel Beck
|
| 246 |
3 |
0 |
|a Bis auf das große Reich der Mogolen
|
| 260 |
|
|
|a Leipzig :
|b in der Weidmannischen Buchhandlung,
|c 1802
|
| 300 |
|
|
|a VIII, 782 s. ;
|c 8°
|
| 500 |
|
|
|a Výzdoba: Ozdobné linky
|
| 510 |
4 |
|
|a VD18,
|c VD18 10632948
|u https://kxp.k10plus.de/DB=1.65/PPNSET?PPN=023092297
|
| 561 |
|
|
|a Provenience: [mědirytinové erbovní exlibris] Friedrich Graf Sylva Tarouca
|
| 561 |
|
|
|a Provenience: [razítko] Franzmuseum D.K.K.M.S. Ackerbaugesellschaft
|
| 563 |
|
|
|a Původní polokožená vazba se zlaceným hřbetem
|
| 856 |
4 |
2 |
|u https://opacplus.bsb-muenchen.de/title/BV012919006
|y Digitalizovaný dokument
|z exemplář Bayerische Staatsbibliothek, sign. H.un. 23 b-3
|
| 910 |
|
|
|a BOA001
|b ST2-0000.566,3
|
| 978 |
|
|
|b Weidmann - dílna
|a Leipzig
|c 1802
|
| 984 |
|
|
|a Lipsko
|b Německo
|
| 985 |
|
|
|a 1801-1850
|
| 990 |
|
|
|a BK
|
| 993 |
|
|
|a Y
|
| 991 |
|
|
|k mzk
|
| 996 |
6 |
|
|b 2619272732
|c ST2-0000.566,3
|l stud. ST
|r Sklad / do násl. otevíracího dne
|n 0
|w 001035479
|u 000010
|a 1
|e BOA001
|s P
|